<?xml version="1.0" encoding="UTF-8"?>
<record
    xmlns:xsi="http://www.w3.org/2001/XMLSchema-instance"
    xsi:schemaLocation="http://www.loc.gov/MARC21/slim http://www.loc.gov/standards/marcxml/schema/MARC21slim.xsd"
    xmlns="http://www.loc.gov/MARC21/slim">

  <leader>02138nam a22001697a 4500</leader>
  <controlfield tag="003">SGT</controlfield>
  <datafield tag="020" ind1=" " ind2=" ">
    <subfield code="a">9788125923473</subfield>
  </datafield>
  <datafield tag="082" ind1=" " ind2=" ">
    <subfield code="a">338.5024658,DWI</subfield>
  </datafield>
  <datafield tag="100" ind1=" " ind2=" ">
    <subfield code="a">DWIVEDI,D.N</subfield>
  </datafield>
  <datafield tag="245" ind1=" " ind2=" ">
    <subfield code="a">MANAGERIAL ECONOMICS</subfield>
  </datafield>
  <datafield tag="250" ind1=" " ind2=" ">
    <subfield code="a">7TH</subfield>
  </datafield>
  <datafield tag="260" ind1=" " ind2=" ">
    <subfield code="a">NEW DELHI</subfield>
    <subfield code="b">VIKASH PUBLISHING HOUSE</subfield>
    <subfield code="c">2014</subfield>
  </datafield>
  <datafield tag="300" ind1=" " ind2=" ">
    <subfield code="a">704</subfield>
  </datafield>
  <datafield tag="650" ind1=" " ind2=" ">
    <subfield code="a">PRODUCTION</subfield>
  </datafield>
  <datafield tag="653" ind1=" " ind2=" ">
    <subfield code="a">Nature and Scope of Managerial Economics &#x2022; Objectives of Business Firms &#x2022; Some Fundamental Concepts and Business Decision Rules &#x2022; Basic Tools of Economic Analysis and Optimization Techniques &#x2022; Method of Estimating a Function: The Regression Technique &#x2022; Analysis of Consumer Demand &#x2022; Analysis of Market Demand &#x2022; Elasticity of Demand &#x2022; Demand Forecasting &#x2022; Theory of Production &#x2022; Theory of Cost and Break-Even Analysis &#x2022; Linear Programming &#x2022; Market Structure and Pricing Decisions &#x2022; Price and Output Determination under Perfect Competition &#x2022; Price and Output Determination under Monopoly &#x2022; Price and Output Determination under Monopolistic Competition &#x2022; Price and Output Determination under Oligopoly &#x2022; Game Theory and Strategic Behaviour of      Oligopoly Firms &#x2022; Alternative Theories of the Firm &#x2022; Pricing Strategies and Practices &#x2022; Capital Budgeting and Investment Decisions under Certainty &#x2022; Investment Decisions under Risk and Uncertainty &#x2022; Macroeconomics: Definition, Nature, Scope and Importance &#x2022; Circular Flow Model of the Economy &#x2022; National Income: Concept and Measurement &#x2022; Theory of National Income Determination &#x2022; Monetary Sector of the Economy &#x2022; IS-LM Model of the Economy: The General Equilibrium Model &#x2022; Modern Theories of Economic Growth &#x2022; Business Cycles and Control Measures &#x2022; Theories of Inflation and Control Measures &#x2022; Changing International Business Environment &#x2022; Theories of Foreign Trade &#x2022; Foreign Trade Policy: Free Trade vs. Trade Control &#x2022; Determination of Foreign Exchange Rate &#x2022; Balance of Payments: Meaning, Measurement and Adjustment &#x2022; International Monetary System &#x2022; Government's Role in the Economy &#x2022; Monetary Policy &#x2022; Fiscal Policy &#x2022; Industrial Policy of India</subfield>
  </datafield>
  <datafield tag="942" ind1=" " ind2=" ">
    <subfield code="2">ddc</subfield>
    <subfield code="c">FCM</subfield>
    <subfield code="0">6</subfield>
  </datafield>
  <datafield tag="952" ind1=" " ind2=" ">
    <subfield code="0">0</subfield>
    <subfield code="1">0</subfield>
    <subfield code="2">ddc</subfield>
    <subfield code="4">0</subfield>
    <subfield code="7">0</subfield>
    <subfield code="8">CM</subfield>
    <subfield code="a">SSSL</subfield>
    <subfield code="b">SSSL</subfield>
    <subfield code="c">DISPLAY</subfield>
    <subfield code="d">2016-06-03</subfield>
    <subfield code="e">SPARCH BOOK</subfield>
    <subfield code="g">450.00</subfield>
    <subfield code="i">SGTU</subfield>
    <subfield code="l">10</subfield>
    <subfield code="o">338.5024658,DWI</subfield>
    <subfield code="p">CM469</subfield>
    <subfield code="r">2024-12-18 00:00:00</subfield>
    <subfield code="s">2024-12-03</subfield>
    <subfield code="w">2014-11-25</subfield>
    <subfield code="y">FCM</subfield>
    <subfield code="k">1290</subfield>
  </datafield>
  <datafield tag="952" ind1=" " ind2=" ">
    <subfield code="0">0</subfield>
    <subfield code="1">0</subfield>
    <subfield code="2">ddc</subfield>
    <subfield code="4">0</subfield>
    <subfield code="7">1</subfield>
    <subfield code="8">CM</subfield>
    <subfield code="a">SSSL</subfield>
    <subfield code="b">SSSL</subfield>
    <subfield code="c">REF</subfield>
    <subfield code="d">2016-07-08</subfield>
    <subfield code="e">GIFT BY DR. DILIP SINGH</subfield>
    <subfield code="g">145.00</subfield>
    <subfield code="i">SGTU</subfield>
    <subfield code="l">1</subfield>
    <subfield code="o">338.5024658,DWI</subfield>
    <subfield code="p">CM255</subfield>
    <subfield code="r">2018-07-04 00:00:00</subfield>
    <subfield code="s">2018-07-04</subfield>
    <subfield code="w">2016-07-08</subfield>
    <subfield code="y">FCM</subfield>
  </datafield>
  <datafield tag="999" ind1=" " ind2=" ">
    <subfield code="c">8931</subfield>
    <subfield code="d">8931</subfield>
  </datafield>
</record>
